[Event "TCh-NOR Attack-serien 2010-11"]
[Site "Oslo NOR"]
[Date "2010.11.06"]
[Round "2"]
[White "Ekeberg,C"]
[Black "Berg,E"]
[Result "0-1"]
[WhiteElo "2274"]
[BlackElo "2627"]

1.e4 c5 2.c3 Nf6 3.e5 Nd5 4.Nf3 e6 5.g3 d6 6.exd6 Bxd6 7.Bg2 O-O 8.d4 Nc6
9.O-O h6 10.Re1 Qc7 11.Na3 a6 12.Nc4 Be7 13.dxc5 Bxc5 14.Qe2 b5 15.Nce5 Nce7
16.Bd2 Bb7 17.Rac1 Rac8 18.a3 Nb6 19.Nd3 Bd6 20.Bf4 Rfd8 21.Rcd1 Nc4 22.Bxd6 Rxd6
23.Nd4 Bxg2 24.Kxg2 Nc6 25.Nc2 Rcd8 26.b3 N4a5 27.Nc5 Rxd1 28.Rxd1 Rxd1 29.Qxd1 Ne5
30.b4 Nb7 31.Qd4 Nxc5 32.bxc5 Qc6+ 33.Kh3 Nf3 34.Qe3 Ng1+ 35.Kh4 Qg2  0-1

[Event "TCh-CZE 2010-11"]
[Site "Frydek Mistek CZE"]
[Date "2010.11.07"]
[Round "2.2"]
[White "Jakubiec,A"]
[Black "Jakubowski,K"]
[Result "1/2-1/2"]
[WhiteElo "2547"]
[BlackElo "2502"]

1.e4 c5 2.c3 Nf6 3.e5 Nd5 4.g3 d6 5.exd6 e6 6.Bg2 Bxd6 7.Nf3 Nc6 8.O-O O-O
9.d3 b6 10.Na3 Bb7 11.Nc4 Be7 12.a4 Qc7 13.Re1 Rad8 14.Qb3 h6 15.a5 Rfe8
16.axb6 axb6 17.Nfe5 Nxe5 18.Nxe5 Ra8 19.Rxa8 Rxa8 20.Bd2 Bf6 21.Ng4 Be7
22.Ne5 Bf6 23.Ng4 Be7 24.Ne5 Bf6  1/2-1/2

[Event "Frauenbundesliga 1st Div 2010-11"]
[Site "Germany GER"]
[Date "2010.11.07"]
[Round "2.3"]
[White "Melamed,T"]
[Black "Fuchs,Ju"]
[Result "1/2-1/2"]
[WhiteElo "2353"]
[BlackElo "2274"]

1.e4 c5 2.c3 Nf6 3.e5 Nd5 4.d4 cxd4 5.cxd4 Nc6 6.Nf3 d6 7.Bc4 Nb6 8.Bb5 e6
9.O-O Be7 10.Nc3 O-O 11.Qe2 Nd5 12.Bc4 Nxc3 13.bxc3 dxe5 14.dxe5 Qc7 15.Qe4 b6
16.Bd3 g6 17.Bh6 Rd8 18.Rad1 Bb7 19.Qf4 Rd5 20.Be4 Rxd1 21.Rxd1 Rd8 22.Rxd8+ Nxd8
23.Bxb7 Nxb7 24.h4 Nc5 25.h5 Qd7 26.hxg6 hxg6 27.Bg5 Bxg5 28.Nxg5 Qd1+ 29.Kh2 Qh5+
30.Kg1 Qd1+ 31.Kh2 Qh5+ 32.Kg3 Qxg5+ 33.Qxg5 Ne4+ 34.Kf4 Nxg5 35.Kxg5 Kg7
36.c4 Kf8 37.Kf6 Ke8 38.f4 Kf8 39.g4 Ke8 40.f5 exf5 41.gxf5 gxf5 42.Kxf5 Ke7
43.a3 a6 44.a4 a5 45.Ke4 Ke6 46.Kd4 Ke7 47.Kd5  1/2-1/2

[Event "ch-UKR w"]
[Site "Poltava UKR"]
[Date "2010.11.14"]
[Round "2"]
[White "Zingaylo,Ant"]
[Black "Zingaylo,Ana"]
[Result "0-1"]
[WhiteElo "1708"]
[BlackElo "2104"]

1.e4 c5 2.c3 Nf6 3.e5 Nd5 4.d4 cxd4 5.cxd4 e6 6.Nf3 d6 7.Bc4 Be7 8.O-O O-O
9.Nbd2 Nc6 10.Ne4 b6 11.Re1 dxe5 12.dxe5 Bb7 13.Bd2 Rc8 14.Rc1 Qd7 15.a3 Rfd8
16.Qb3 a6 17.Bg5 Bxg5 18.Nexg5 h6 19.Ne4 Na5 20.Qa2 b5 21.Bf1 Rxc1 22.Rxc1 Nf4
23.Nfd2 Qd4 24.b4 Bxe4 25.Nxe4 Qxe4 26.bxa5 Qxe5 27.Qc2 Qg5 28.Kh1 h5 29.Rd1 Rxd1
30.Qxd1 Qd5 31.Qc1 e5 32.f3 Kh7 33.Qe3 g6 34.g3 Ne6 35.Kg2 Nd4 36.Bd3 Qa2+
37.Kh3 Qe6+ 38.Kg2 f5 39.Bb1 Qb3 40.Bd3 Qa2+ 41.Kh3 Qd5 42.Qg5 Qd7 43.Kg2 Nxf3
44.Kxf3 Qxd3+ 45.Kg2 Qxa3 46.Qf6 Qa2+ 47.Kg1 Qb1+ 48.Kf2 Qc2+ 49.Kg1 Qc5+
50.Kg2 Qd5+ 51.Kh3 Qb7 52.Qb6 Qc8 53.Qa7+ Kh6 54.Qe7 f4+ 55.Kg2 Qf5 56.Qd8 fxg3
57.hxg3 Qe4+ 58.Kh2 Qe2+ 59.Kh3 Qf1+ 60.Kh2 Qf5 61.Qd2+ Kg7 62.Qd6 Qf6 63.Qc7+ Kf8
64.Qc8+ Kg7 65.Qc7+ Kh6 66.Qc5 g5 67.Qb6 Kg6 68.Qe3 h4 69.Qd3+ Kh6 70.g4 Qf4+
71.Kh1 Qxg4 72.Qd6+ Kh5 73.Qe7 Qe4+ 74.Kh2 Qf5  0-1

[Event "ch-UKR w"]
[Site "Poltava UKR"]
[Date "2010.11.14"]
[Round "2"]
[White "Bezkorovaina,M"]
[Black "Cherednichenko,S"]
[Result "1/2-1/2"]
[WhiteElo "1951"]
[BlackElo "2260"]

1.e4 c5 2.c3 Nf6 3.e5 Nd5 4.d4 cxd4 5.Nf3 e6 6.Qxd4 Nc6 7.Qe4 f5 8.Qe2 Qc7
9.c4 Bb4+ 10.Nbd2 Nf4 11.Qe3 Ng6 12.a3 Be7 13.b4 Ncxe5 14.Bb2 Bf6 15.Rb1 a5
16.Nd4 O-O 17.Nb5 Qb8 18.Be2 axb4 19.axb4 d6 20.f4 Nc6 21.Bxf6 Rxf6 22.O-O e5
23.c5 d5 24.fxe5 Qxe5 25.Qf2 f4 26.Nf3 Qe7 27.Nd6 Bf5 28.Nxf5 Rxf5 29.Bd3 Rf6
30.Rfe1 Qd7 31.b5 Nce7 32.Qd4 Nf5 33.Bxf5 Qxf5 34.Rbd1 Rd8 35.Ne5 Ne7 36.c6 bxc6
37.Qc5 Re6 38.Nxc6 Nxc6 39.bxc6 Rc8 40.Rxe6 Qxe6 41.Qxd5 Qxd5 42.Rxd5 Rxc6
43.Rf5 Rc4 44.Kf2 g6 45.Rg5 Kg7 46.Kf3 Kf6 47.Ra5 g5 48.Ra6+ Kg7 49.Ra2 Kg6
50.Ra6+ Kh5 51.h3 Rc3+ 52.Kf2 g4 53.hxg4+ Kxg4 54.Ra7 Rc2+ 55.Kg1 h5 56.Rg7+ Kf5
57.Rg8 Rc5 58.Kf2 h4 59.Kf3 Rc3+ 60.Kf2 Rc2+ 61.Kf3 Rc3+ 62.Kf2 Rc2+ 63.Kf3 Rc3+  1/2-1/2

[Event "ch-UKR w"]
[Site "Poltava UKR"]
[Date "2010.11.15"]
[Round "3"]
[White "Zingaylo,Ant"]
[Black "Vasina,O"]
[Result "0-1"]
[WhiteElo "1708"]
[BlackElo "2011"]

1.e4 c5 2.c3 Nf6 3.e5 Nd5 4.d4 cxd4 5.cxd4 d6 6.Bc4 Nb6 7.Bb5+ Bd7 8.Bxd7+ Qxd7
9.Nf3 Nc6 10.O-O dxe5 11.dxe5 e6 12.Nc3 Be7 13.Be3 Qxd1 14.Raxd1 Nc4 15.Bd4 O-O-O
16.Nb5 Nxd4 17.Nbxd4 Kb8 18.b3 Nb6 19.Nb5 Nd5 20.a4 a6 21.Nbd4 h6 22.Ne2 Bc5
23.Rc1 Bb6 24.Kh1 Nb4 25.Rc4 Nd3 26.Ned4 Bxd4 27.Nxd4 Nxe5 28.Rb4 Rd6 29.g3 Rhd8
30.Ne2 Rd2 31.Re4 Nc6 32.Kg2 Nd4 33.Nxd4 R8xd4 34.Rxd4 Rxd4 35.Rc1 Rd3 36.b4 Rd4
37.Rb1 Kc7 38.Kf3 Rd3+ 39.Ke4 Ra3 40.a5 Ra2 41.Rc1+ Kd6 42.Ke3 Rb2 43.Rc4 Rb3+
44.Kd2 Rf3 45.Ke2 Rf5 46.h4 Rb5 47.Kd3 g6 48.Kc3 Rf5 49.Rd4+ Rd5 50.Rf4 f5
51.f3 Rd1 52.Kc2 Rd5 53.Rc4 e5 54.Kc3 Rd1 55.Kc2 Rf1 56.Rc3 Rg1 57.f4 e4
58.Kd2 Rg2+ 59.Ke1 Rb2 60.Rc8 Kd5 61.Rg8 Kd4 62.Rxg6 Ke3 63.Kd1 Kf2 64.b5 e3
65.Re6 e2+ 66.Kc1 Rxb5 67.Kd2 Rd5+  0-1

[Event "TCh-NED"]
[Site "Netherlands NED"]
[Date "2010.11.16"]
[Round "3.2"]
[White "De Jong,JW"]
[Black "Van Wely,L"]
[Result "0-1"]
[WhiteElo "2444"]
[BlackElo "2679"]

1.e4 c5 2.c3 Nf6 3.e5 Nd5 4.Nf3 e6 5.Bc4 d6 6.d4 cxd4 7.cxd4 Nb6 8.Bd3 dxe5
9.dxe5 Na6 10.O-O Nc5 11.Bc2 Qxd1 12.Rxd1 Nd5 13.Nbd2 Bd7 14.Ne4 Nb4 15.Bb1 Bc6
16.Nxc5 Bxc5 17.Be3 Bxe3 18.fxe3 Rc8 19.Kf2 Ke7 20.Rd4 Bxf3 21.Rxb4 a5 22.Rd4 Bd5
23.e4 Bc4 24.Ke3 Rc5 25.Bd3 Bxd3 26.Rxd3 Rd8 27.b4 Rxd3+ 28.Kxd3 Rxe5 29.a3 Kd6
30.Rb1 Rb5 31.Kc4 Kc6 32.g3 axb4 33.axb4 Rg5 34.Re1 f6 35.Ra1 Rg4 36.Rc1 h5
37.Kd3+ Kb6 38.Rc8 h4 39.gxh4 Rxh4 40.Rg8 Rg4 41.h3 Rg3+ 42.Kc4 e5 43.h4 Rg4
44.Kd5 Kb5 45.h5 Rg5 46.Rb8 b6 47.Rb7 Rxh5 48.Rxg7 Rh4 49.Rb7 Rf4 50.Rb8 f5
51.exf5 Rxf5 52.Ke4 Rf4+ 53.Kxe5 Rxb4 54.Kd5 Rb3 55.Kd4 Ka4 56.Ra8+ Kb4 57.Ra1 b5
58.Kd5 Rc3 59.Rb1+ Ka4 60.Ra1+ Ra3 61.Rb1 b4 62.Kd4 Rh3 63.Kc5 Rc3+ 64.Kd4 Rc2
65.Kd3 b3 66.Ra1+ Kb4 67.Ra8 Rc7 68.Kd2 b2 69.Rb8+ Ka3 70.Kd3 Ka2 71.Ra8+ Kb1
72.Kd2 Rd7+ 73.Ke2 Rd5  0-1

[Event "16th Asian Games Team Men"]
[Site "Guangzhou CHN"]
[Date "2010.11.19"]
[Round "2"]
[White "Khamrakulov,D"]
[Black "Gopal,G"]
[Result "0-1"]
[WhiteElo "2482"]
[BlackElo "2609"]

1.e4 c5 2.c3 Nf6 3.e5 Nd5 4.d4 cxd4 5.Nf3 Nc6 6.cxd4 d6 7.Bc4 Nb6 8.Bb5 Bd7
9.Nc3 dxe5 10.dxe5 g6 11.O-O Bg7 12.Bf4 O-O 13.Qe2 Bg4 14.Bxc6 bxc6 15.h3 Bxf3
16.Qxf3 Nd5 17.Bg3 Rb8 18.Na4 e6 19.Rac1 Qc7 20.Qe2 Qa5 21.b3 Qb5 22.Qe4 Nb4
23.Rc5 Qd3 24.Qxd3 Nxd3 25.Rxc6 Bxe5 26.Bxe5 Nxe5 27.Rc7 Rfd8 28.f4 Nd3 29.Rxa7 Rd4
30.g3 Rc8 31.Nb6 Rc2 32.Rd7 Rxd7 33.Nxd7 Rxa2 34.Rd1 Nf2 35.Rb1 Nxh3+ 36.Kh1 Nf2+
37.Kg1 Ne4 38.b4 Nd2 39.Rd1 Nf3+ 40.Kf1 Rb2 41.Rd3 Nh2+ 42.Ke1 Ng4 43.Rd4 Ne3
44.Re4 Nd5 45.Rc4 Rxb4 46.Rc8+ Kg7 47.Ne5 h5 48.Rd8 h4 49.Rd7 hxg3 50.Rxf7+ Kg8
51.Ra7 Rxf4  0-1

[Event "Moscow Teams"]
[Site "Moscow RUS"]
[Date "2010.11.20"]
[Round "1"]
[White "Popkov,A"]
[Black "Granovskiy,A"]
[Result "1/2-1/2"]
[WhiteElo "2151"]
[BlackElo "2312"]

1.e4 c5 2.c3 Nf6 3.e5 Nd5 4.Nf3 Nc6 5.Bc4 Nb6 6.Bb3 d5 7.exd6 Qxd6 8.d4 e6
9.Be3 cxd4 10.Nxd4 Nxd4 11.Qxd4 Qxd4 12.Bxd4 Bd7 13.O-O Na4 14.c4 f6 15.Re1 Kf7
16.f4 Bc5 17.Bxc5 Nxc5 18.Bc2 a5 19.Nc3 h6 20.Rad1 Rhd8 21.h4 Bc6 22.b3 Rxd1
23.Rxd1 e5 24.fxe5 fxe5 25.a3 Ne6 26.Be4 Nd4 27.Rf1+ Ke6 28.Nd5 Rd8 29.b4 axb4
30.axb4 b5 31.Nc7+ Kd6 32.Bxc6 Kxc6 33.Nxb5 Nxb5 34.cxb5+ Kxb5 35.Rf7 g5
36.h5 Kxb4 37.Rf6 Rh8 38.Re6 Kc4 39.Rxe5 Kd4 40.Re6 Kd5 41.Ra6 Ke5 42.Kh2 Kf5
43.Kg3 Rh7 44.Kf3 Rh8 45.Rb6 Ra8 46.Rxh6 Ra3+ 47.Kf2 Kg4 48.Rh8 Ra2+ 49.Kf1 Ra1+
50.Kf2 Ra2+ 51.Kf1  1/2-1/2

[Event "Podgaets Memorial"]
[Site "Odessa UKR"]
[Date "2010.11.20"]
[Round "1"]
[White "Fingerov,D"]
[Black "Golubev,M"]
[Result "1-0"]
[WhiteElo "2388"]
[BlackElo "2492"]

1.e4 c5 2.c3 Nf6 3.e5 Nd5 4.d4 cxd4 5.Qxd4 e6 6.Nf3 Nc6 7.Qe4 f5 8.Qe2 b5
9.g3 Ba6 10.a4 Qa5 11.Bd2 Rc8 12.b3 Bb4 13.cxb4 Ncxb4 14.Na3 bxa4 15.Qxa6 Qc7
16.Qxa4 Qb7 17.Qb5 Qa8 18.Bg2 Nf4 19.gxf4 Qe4+ 20.Qe2 Nd3+ 21.Kf1  1-0

[Event "ch-UKR w"]
[Site "Poltava UKR"]
[Date "2010.11.20"]
[Round "8"]
[White "Zingaylo,Ana"]
[Black "Vasina,O"]
[Result "0-1"]
[WhiteElo "2104"]
[BlackElo "2011"]

1.e4 c5 2.c3 Nf6 3.e5 Nd5 4.d4 cxd4 5.cxd4 Nc6 6.Bc4 Nb6 7.Bb3 d6 8.exd6 Qxd6
9.Nf3 Be6 10.O-O Bxb3 11.Qxb3 e6 12.Be3 Be7 13.Nc3 O-O 14.Rfd1 Rfd8 15.Rac1 Rac8
16.Ne5 Qb4 17.Nb5 Qxb3 18.axb3 Bf6 19.Nxc6 Rxc6 20.Rxc6 bxc6 21.Nxa7 c5 22.Kf1 cxd4
23.Nc6 Rd6 24.Nb4 e5 25.f3 h6 26.Bf2 Be7 27.Nd3 f6 28.Rc1 Nd5 29.Rc8+ Kf7
30.Nc5 Rb6 31.Be1 Ne3+ 32.Ke2 Bxc5 33.Rxc5 Rxb3 34.f4 Rxb2+ 35.Bd2 Ke6 36.Kd3 Nxg2
37.fxe5 fxe5 38.Bc1 Ne1+  0-1

[Event "TCh-BEL 2010-11"]
[Site "Antwerpen BEL"]
[Date "2010.11.21"]
[Round "4.4"]
[White "Donovan,L"]
[Black "De Haan,E"]
[Result "1/2-1/2"]
[WhiteElo "2238"]
[BlackElo "2330"]

1.e4 c5 2.c3 Nf6 3.e5 Nd5 4.d4 cxd4 5.Nf3 e6 6.cxd4 d6 7.a3 Bd7 8.Bd3 Bc6
9.O-O Nd7 10.b4 a6 11.Nbd2 Nc3 12.Qb3 Rc8 13.Qxc3 Bxf3 14.Qb2 Bd5 15.Ne4 Bxe4
16.Bxe4 d5 17.Bd3 Be7 18.Be3 Nb6 19.Qe2 O-O 20.Qg4 Re8 21.Bh6 Bf8 22.Bg5 Be7
23.Bh6 Bf8 24.Bg5 Be7 25.Bh6 g6 26.Rfc1 Nc4 27.Qe2 b5 28.g3 Rc6 29.h4 Qb6
30.Qg4 Bf8 31.Bxf8 Rxf8 32.h5 Qa7 33.Kg2 Rfc8 34.Qf4 Qe7 35.Rh1 g5 36.Qf3 h6
37.Ra2 Nb6 38.Bb1 Rc3 39.Qe2 Nc4 40.Rc2 Rxc2 41.Bxc2 Nxa3 42.Bh7+ Kxh7 43.Qd3+ Kg7
44.Qxa3 Rc4 45.Qxa6 Qxb4 46.Qb6 Rc2 47.Rf1 g4 48.Kg1 Qc4 49.Qd8 Qxd4 50.Qf6+ Kg8
51.Qd8+ Kh7 52.Qe7 Kg8 53.Qd8+ Kh7 54.Qe7 Kg7 55.Qf6+ Kg8 56.Qd8+ Kh7  1/2-1/2

[Event "4th South Bohemia Open"]
[Site "Cesky Krumlov CZE"]
[Date "2010.11.21"]
[Round "1"]
[White "Spence,D"]
[Black "Maliszewski,J"]
[Result "1-0"]
[WhiteElo "2237"]
[BlackElo "1840"]

1.e4 c5 2.c3 Nf6 3.e5 Nd5 4.d4 cxd4 5.Nf3 d6 6.cxd4 Bg4 7.h3 Bh5 8.g4 Bg6
9.Qb3 Qc7 10.Na3 Be4 11.Bg2 Nc6 12.exd6 exd6 13.O-O O-O-O 14.Re1 Nf6 15.Bf4 Bxf3
16.Qxf3 Nxd4 17.Qd3 Nc6 18.Rac1 Kb8 19.Nb5 Qd7 20.Red1 Ne8 21.Qa3 f5 22.Rxc6 bxc6
23.Bxc6 Qxc6 24.Qxa7+ Kc8 25.Rc1 Qxc1+ 26.Bxc1 h6 27.Be3 fxg4 28.Bb6 Be7
29.Qxe7 Rd7 30.Na7+ Kb7 31.Qxd7+ Kxb6 32.Nc8+  1-0

[Event "TCh-BEL 2010-11"]
[Site "Eupen BEL"]
[Date "2010.11.21"]
[Round "4.5"]
[White "Fiebig,T"]
[Black "Brunner,N"]
[Result "1/2-1/2"]
[WhiteElo "2453"]
[BlackElo "2462"]

1.e4 c5 2.c3 Nf6 3.e5 Nd5 4.d4 cxd4 5.Nf3 Nc6 6.cxd4 d6 7.Bc4 Nb6 8.Bb5 dxe5
9.Nxe5 Bd7 10.Nxd7 Qxd7 11.Nc3 e6 12.O-O Rd8 13.Qf3 Be7 14.Be3 O-O 15.Rfd1 a6
16.Bxc6 bxc6 17.Rac1 Nd5 18.Na4 Qb7 19.b3 Rd7 20.Nc5 Bxc5 21.Rxc5 Rc8 22.Rdc1 Ne7
23.Bg5 f6 24.Be3 Rd5 25.Qe4 Qd7 26.Qc2 Rd8 27.h3 Rb8 28.Qe2 Rxc5 29.Rxc5 Rb5
30.Rc4 Kf7 31.Qc2 h6 32.Bc1 Rd5 33.Bb2 Ra5 34.Bc3 Rd5 35.Bb2 Ra5 36.Bc3 Rd5  1/2-1/2

[Event "16th Asian Games Team Men"]
[Site "Guangzhou CHN"]
[Date "2010.11.21"]
[Round "4"]
[White "Khamrakulov,D"]
[Black "Nguyen Duc Hoa"]
[Result "1-0"]
[WhiteElo "2482"]
[BlackElo "2431"]

1.e4 c5 2.c3 Nf6 3.e5 Nd5 4.d4 cxd4 5.cxd4 e6 6.Nf3 d6 7.Bc4 Nb6 8.Bb3 dxe5
9.Nxe5 Nc6 10.Nxc6 bxc6 11.O-O Nd5 12.Nc3 Be7 13.Ne4 O-O 14.Qf3 Bd7 15.Be3 Qb6
16.Nc5 Rfd8 17.Rac1 Be8 18.Rc4 Qb8 19.Ne4 a5 20.Rb1 a4 21.Bd1 Ra5 22.Nc5 Nxe3
23.fxe3 e5 24.Nxa4 exd4 25.exd4 Bf6 26.Bb3 Bxd4+ 27.Kh1 Re5 28.Nc3 c5 29.Rf1 Qc7
30.Ne2 Bc6 31.Qg3 Be8 32.Nxd4 Rxd4 33.Rxd4 cxd4 34.Qf4 d3 35.Qd4 Rh5 36.h3 Rxh3+
37.gxh3 Bc6+ 38.Bd5 Qd6 39.Rf5 g6 40.Re5 h5 41.Kg1 Bxd5 42.Re8+  1-0

[Event "1st Metropolitan IM"]
[Site "Los Angeles USA"]
[Date "2010.11.21"]
[Round "8"]
[White "Sevillano,E"]
[Black "Gupta,Ank"]
[Result "1-0"]
[WhiteElo "2508"]
[BlackElo "2235"]

1.e4 c5 2.c3 Nf6 3.e5 Nd5 4.d4 cxd4 5.Nf3 Nc6 6.Bc4 Nb6 7.Bb3 g6 8.cxd4 Bg7
9.O-O d6 10.Bf4 dxe5 11.dxe5 Qxd1 12.Rxd1 Bg4 13.Nbd2 Rd8 14.h3 Bf5 15.Nf1 O-O
16.Ne3 Be4 17.Ng5 Nd4 18.e6 f6 19.Nxe4 Ne2+ 20.Kf1 Nxf4 21.Nc5 f5 22.Nxb7 Rd3
23.Nc5 Rxd1+ 24.Rxd1 Bxb2 25.Rd7 Rc8 26.g3 Ba3 27.Rxe7 Bxc5 28.Rc7 Rxc7 29.e7+ Kg7
30.e8=Q Nd3 31.h4 Bxe3 32.fxe3 Rd7 33.Qg8+  1-0

[Event "XXIII Belgrade Trophy"]
[Site "Obrenovac SRB"]
[Date "2010.11.24"]
[Round "1.45"]
[White "Vujosevic,D"]
[Black "Jovanovic,ST"]
[Result "1/2-1/2"]
[WhiteElo "1918"]
[BlackElo "2304"]

1.e4 c5 2.c3 Nf6 3.e5 Nd5 4.d4 cxd4 5.cxd4 e6 6.a3 Qc7 7.Bd3 Nc6 8.Ne2 d6
9.f4 Bd7 10.Nbc3 Nxc3 11.bxc3 Be7 12.O-O g6 13.Rf3 Na5 14.Rb1 d5 15.g4 Nc4
16.Ng3 b6 17.f5 Nxa3 18.Ra1 Nc4 19.Qf1 O-O-O 20.f6 Bf8 21.Rf2 a5 22.Rfa2 h5
23.g5 h4 24.Ne4 Bc6 25.Nf2 Kb7 26.Rb1 Ra8 27.Nd1 Rh5 28.Be2 Rh8 29.Ne3 Nxe5
30.dxe5 Bc5 31.Qf4 Rhd8 32.Kf1 d4 33.Nc4 Ka7 34.Bd2 d3 35.Bf3 Rd5 36.Bxd5 Bxd5
37.Rab2 Bxc4 38.Qxc4 Qc6 39.Qxd3 Rd8 40.Qh3 Qh1+ 41.Ke2 Qe4+ 42.Kd1 Qh1+
43.Kc2 Qe4+  1/2-1/2

[Event "XXIII Belgrade Trophy"]
[Site "Obrenovac SRB"]
[Date "2010.11.24"]
[Round "1.28"]
[White "Podinic,V"]
[Black "Zarkovic,M"]
[Result "1-0"]
[WhiteElo "2412"]
[BlackElo "1975"]

1.e4 c5 2.c3 Nf6 3.d3 e6 4.f4 Be7 5.Nf3 Nc6 6.g3 O-O 7.Bg2 d5 8.e5 Nd7 9.O-O Qc7
10.Qe2 b5 11.Be3 Rb8 12.Nbd2 Ba6 13.a3 Rfd8 14.Rfd1 Nb6 15.Bf2 Na4 16.Nf1 Qa5
17.g4 d4 18.cxd4 Nxd4 19.Nxd4 cxd4 20.Ng3 b4 21.axb4 Qxb4 22.f5 Nc5 23.f6 gxf6
24.exf6 Bxf6 25.Nh5 Bh8 26.Bh4 Rd6 27.Nf6+ Bxf6 28.Bxf6 e5 29.Qxe5 Rxf6 30.Qxf6 Bxd3
31.Bd5 Bg6 32.Rxa7 Rf8 33.Qxd4 Qb6 34.Rb7  1-0

[Event "4th South Bohemia Open"]
[Site "Cesky Krumlov CZE"]
[Date "2010.11.25"]
[Round "5"]
[White "Spence,D"]
[Black "Nemcova,Kat"]
[Result "0-1"]
[WhiteElo "2237"]
[BlackElo "2287"]

1.e4 c5 2.c3 Nf6 3.e5 Nd5 4.d4 cxd4 5.cxd4 Nc6 6.Nf3 d6 7.Bc4 Nb6 8.Bb3 dxe5
9.d5 Na5 10.Nc3 Nxb3 11.Qxb3 e6 12.Nxe5 exd5 13.Be3 Bd6 14.Qb5+ Kf8 15.Nf3 Be6
16.O-O h5 17.Rfd1 h4 18.Ng5 Kg8 19.h3 Rh5 20.Nge4 Nc4 21.Nxd6 Nxd6 22.Qe2 Re5
23.Qd3 Nc4 24.Qd4 Qf6 25.Qf4 Rf5 26.Qd4 Nxe3 27.Qxe3 Rg5 28.Rd4 Re8 29.Rf4 Qg6
30.Qf3 Bf5 31.Rxh4 Be4 32.Nxe4 Rxe4 33.Rg4 Rgxg4 34.hxg4 Qxg4 35.Qxg4 Rxg4
36.Rd1 Rb4 37.b3 Rb5 38.Rc1 Kh7 39.Kf1 Kg6 40.Ke2 Kf6 41.Kd3 Ke6 42.Re1+ Kd6
43.Re8 Ra5 44.a4 b5 45.axb5 Rxb5 46.Kc3 Rc5+ 47.Kd3 Rc1 48.Rg8 Rb1 49.Kc2 Rf1
50.Rxg7 Rxf2+ 51.Kd3 Ke5 52.Rg4 f5 53.Rg7 a5 54.Re7+ Kf4 55.Rd7 Rxg2 56.Rxd5 Ra2
57.b4 axb4 58.Rd4+ Kg3 59.Rxb4 f4 60.Rb8 Kf2 61.Rh8 Ra3+ 62.Kd2 f3 63.Rg8 Kf1
64.Rg3 Ra2+ 65.Kd1 f2 66.Rg7 Ra5 67.Rg8 Rd5+ 68.Kc2 Ke2 69.Re8+ Kf3 70.Rf8+ Kg3  0-1

[Event "4th South Bohemia Open"]
[Site "Cesky Krumlov CZE"]
[Date "2010.11.25"]
[Round "5"]
[White "Beter,Arnost"]
[Black "Maliszewski,J"]
[Result "1-0"]
[WhiteElo "2050"]
[BlackElo "1840"]

1.e4 c5 2.c3 Nf6 3.e5 Nd5 4.g3 d6 5.exd6 exd6 6.Bg2 Nf6 7.Ne2 Nc6 8.O-O Bg4
9.Re1 Be7 10.Qa4 Qd7 11.d4 a6 12.dxc5 dxc5 13.Na3 O-O 14.Bg5 b5 15.Qc2 Rac8
16.Rad1 Qc7 17.Bf4 Qb6 18.Be3 Nd4 19.Nxd4 Bxd1 20.Rxd1 cxd4 21.Bxd4 Qe6 22.Qb1 Bc5
23.Nc2 Qf5 24.Qc1 Ne4 25.Bxc5 Rxc5 26.Qe3 Ng5 27.Nd4 Qe5 28.Qc1 Re8 29.f4 Qc7
30.fxg5 b4 31.Re1 Rd8 32.Qe3 g6 33.Nb3 Rb5 34.c4 Rb6 35.Bd5 a5 36.Rf1 Rd7
37.Re1 Rb8 38.Nc5 Rdd8 39.Ne4 Kg7 40.Qf4 Kg8 41.Rf1 Rb7 42.Nf6+ Kf8 43.Nxh7+ Kg8
44.Nf6+ Kf8 45.Qh4 Qe5 46.Qh8+ Ke7 47.Ng8+ Kd6  1-0

[Event "11th Puhajarve Rapid"]
[Site "Harjumaa EST"]
[Date "2010.11.26"]
[Round "6"]
[White "Kiik,K"]
[Black "Kanep,M"]
[Result "0-1"]
[WhiteElo "2420"]
[BlackElo "2537"]

1.e4 c5 2.c3 Nf6 3.e5 Nd5 4.Nf3 e6 5.d4 cxd4 6.cxd4 b6 7.Nc3 Nxc3 8.bxc3 Qc7
9.Bd2 d6 10.Bb5+ Bd7 11.a4 Nc6 12.O-O dxe5 13.Bxc6 Bxc6 14.Nxe5 Bd6 15.f4 O-O
16.Qg4 Bb7 17.Rae1 Rfe8 18.h4 f6 19.Nf3 f5 20.Qg3 h6 21.Ne5 Be4 22.h5 Rac8
23.Qg6 Qe7 24.Rxe4 fxe4 25.Ng4 Kh8 26.Re1 Rf8 27.Rxe4 Qe8 28.Rxe6 Qxg6 29.hxg6 Bxf4
30.Bxf4 Rxf4 31.Ne5 Kg8 32.d5 Rf6 33.Re7 Rd6 34.c4 a5 35.Kf2 Kf8 36.Rf7+ Kg8
37.Re7 Kf8 38.Rb7 Re8 39.Nd7+ Kg8 40.Nxb6 Rf6+ 41.Kg1 Rxg6 42.Kf2 Rf6+ 43.Kg1 Rg6
44.Kf2 Rf6+ 45.Kg1 Re2 46.Nc8 Rff2 47.d6 Rxg2+ 48.Kf1 Rgf2+ 49.Kg1 Rd2 50.c5 Rc2
51.Ne7+ Kh7 52.d7 Rfd2 53.Rb1 Rxd7 54.Ra1  0-1

[Event "TCh-SVK Extraliga 2010-11"]
[Site "Modra SVK"]
[Date "2010.11.27"]
[Round "1"]
[White "Banas,K"]
[Black "Pinter,E"]
[Result "1/2-1/2"]
[WhiteElo "2232"]
[BlackElo "2379"]

1.e4 c5 2.c3 Nf6 3.e5 Nd5 4.d4 cxd4 5.Nf3 Nc6 6.cxd4 d6 7.Bc4 Nb6 8.Bb3 dxe5
9.d5 Na5 10.Nc3 Nxb3 11.Qxb3 f6 12.Be3 Bd7 13.O-O Nc8 14.Qxb7 Nd6 15.Qa6 Qc8
16.Qxc8+ Bxc8 17.Nd2 g6 18.Bc5 Bh6 19.Rfd1 Ba6 20.Nde4 Nxe4 21.Nxe4 f5 22.Nc3 Kd7
23.b4 Rhc8 24.Na4 Bb5 25.Nc3 Bc4 26.Na4 Bb5 27.Nc3 Bc4 28.Na4  1/2-1/2

[Event "XXIII Belgrade Trophy"]
[Site "Obrenovac SRB"]
[Date "2010.11.27"]
[Round "4.9"]
[White "Radulski,J"]
[Black "Videnova,I"]
[Result "1-0"]
[WhiteElo "2606"]
[BlackElo "2269"]

1.e4 c5 2.c3 Nf6 3.e5 Nd5 4.d4 cxd4 5.Nf3 e6 6.cxd4 d6 7.Bc4 Nc6 8.O-O Be7
9.Bd2 O-O 10.Nc3 Nb6 11.Bb5 Bd7 12.exd6 Bxd6 13.Ne4 Be7 14.Nc5 Nxd4 15.Nxd7 Nxf3+
16.Qxf3 Nxd7 17.Rfd1 Nc5 18.b4 Qb6 19.a4 Na6 20.Be3 Qc7 21.Rac1 Qe5 22.Qxb7  1-0

[Event "TCh-SVK Extraliga 2010-11"]
[Site "Cadca SVK"]
[Date "2010.11.28"]
[Round "2"]
[White "Tropp,F"]
[Black "Kriebel,T"]
[Result "1/2-1/2"]
[WhiteElo "2080"]
[BlackElo "2321"]

1.e4 c5 2.c3 Nf6 3.e5 Nd5 4.d4 cxd4 5.Nf3 e6 6.cxd4 d6 7.Bd3 Nc6 8.O-O Be7
9.exd6 Qxd6 10.Nc3 Nxc3 11.bxc3 O-O 12.Qe2 Bd7 13.Re1 Rae8 14.Qe4  1/2-1/2

[Event "Kilkenny Masters"]
[Site "Kilkenny IRL"]
[Date "2010.11.28"]
[Round "4"]
[White "Collins,S IRL"]
[Black "Libiszewski,F"]
[Result "1-0"]
[WhiteElo "2436"]
[BlackElo "2496"]

1.e4 c5 2.c3 Nf6 3.e5 Nd5 4.d4 cxd4 5.Nf3 Nc6 6.cxd4 d6 7.Bc4 Nb6 8.Bb3 dxe5
9.d5 Na5 10.Nc3 Bg4 11.Be3 g6 12.Bxb6 Qxb6 13.Ba4+ Kd8 14.h3 Bxf3 15.Qxf3 f5
16.O-O Nc4 17.Qe2 Rc8 18.Bb3 Nd6 19.Qxe5 Rg8 20.Na4 Qb4 21.Qe6 Rh8 22.Rac1 Rxc1
23.Rxc1 b6 24.Qe5 Rg8 25.Qe6 Rh8 26.Re1 Ne4 27.Nc3 Nxc3 28.Qe5 Nb5 29.Rc1 Bg7
30.Qb8+  1-0

[Event "TCh-SVK Extraliga 2010-11"]
[Site "Modra SVK"]
[Date "2010.11.28"]
[Round "2"]
[White "Banas,K"]
[Black "Motuz,K"]
[Result "0-1"]
[WhiteElo "2232"]
[BlackElo "2245"]

1.e4 c5 2.c3 Nf6 3.e5 Nd5 4.d4 cxd4 5.Nf3 Nc6 6.cxd4 d6 7.Bc4 Nb6 8.Bb3 Bf5
9.Nc3 e6 10.Bf4 d5 11.O-O Be7 12.Rc1 O-O 13.h3 a5 14.Bc2 Bxc2 15.Rxc2 a4
16.Bc1 Qd7 17.Bg5 Bxg5 18.Nxg5 h6 19.Nf3 Rfc8 20.a3 Na5 21.Nh4 Nbc4 22.f4 Ne3
23.Qd3 Nxc2 24.Qxc2 Nc4 25.Qe2 Qd8 26.g3 Qb6 27.Qf2 Qxb2 28.Ne2 Nd2 29.Re1 Ne4
30.Qf3 Qd2 31.Kf1 Rc2 32.f5 Qg5 33.Kg2 Rac8  0-1

[Event "XXIII Belgrade Trophy"]
[Site "Obrenovac SRB"]
[Date "2010.11.28"]
[Round "5.7"]
[White "Podinic,V"]
[Black "Jianu,V"]
[Result "1/2-1/2"]
[WhiteElo "2412"]
[BlackElo "2538"]

1.e4 c5 2.c3 Nf6 3.d3 Nc6 4.f4 d6 5.Nf3 g6 6.g3 Bg7 7.Bg2 O-O 8.Qc2 Rb8 9.a4 a6
10.O-O b5 11.axb5 axb5 12.Kh1 b4 13.Be3 Qb6 14.Nbd2 bxc3 15.bxc3 Qb2 16.Qxb2 Rxb2
17.Bg1 Rc2 18.Rfc1 Rxc1  1/2-1/2

[Event "3rd Remco Heite Rapid Open"]
[Site "Wolvega NED"]
[Date "2010.11.28"]
[Round "5"]
[White "Brandenburg,D"]
[Black "Van der Wiel,J"]
[Result "1/2-1/2"]
[WhiteElo "2515"]
[BlackElo "2472"]

1.e4 c5 2.c3 Nf6 3.e5 Nd5 4.Nf3 e6 5.d4 cxd4 6.cxd4 d6 7.Bc4 Nb6 8.Bd3 Nc6
9.O-O dxe5 10.dxe5 Nb4 11.Be4 Qxd1 12.Rxd1 N4d5 13.a4 Bd7 14.a5 Na4 15.Nd4 Rc8
16.Bc2 Bc5 17.Rxa4 Bxd4 18.Raxd4 Rxc2 19.Nc3 Bc6 20.R4d2 Nxc3 21.bxc3 Rxd2
22.Bxd2 O-O 23.Be3 a6 24.c4 h5 25.Bb6 Kh7 26.f3 Kg6 27.Kf2 Kf5 28.Bc7 Rc8
29.Bd6 Ba4 30.Rd4 Bb3 31.c5 Bd5  1/2-1/2

[Event "Vasylyshyn Memorial GM"]
[Site "Lviv UKR"]
[Date "2010.11.30"]
[Round "8"]
[White "Vysochin,S"]
[Black "Oleksienko,M"]
[Result "1/2-1/2"]
[WhiteElo "2550"]
[BlackElo "2559"]

1.e4 c5 2.c3 Nf6 3.e5 Nd5 4.Nf3 d6 5.d4 cxd4 6.Qxd4 e6 7.Nbd2 Nc6 8.Bb5 Bd7
9.Bxc6 Bxc6 10.Nc4 dxe5 11.Ncxe5 h6 12.O-O Qb6 13.Nxc6 bxc6 14.Rd1 Qxd4 15.Nxd4 Rc8
16.c4 Nb6 17.b3 a6 18.Be3 c5 19.Ne2 Be7 20.Rd2 f6 21.Rad1 Kf7 22.Nc3 Rc6
23.Ne4 f5 24.Nd6+ Kf6 25.f4 Rb8 26.Rd3 g5 27.g3 Kg6 28.Bf2 Na8 29.a4 Rbb6
30.a5 Rb8 31.h3 Nc7 32.fxg5 hxg5 33.g4 Bf6 34.Kg2 Be5 35.Bg3 Bd4 36.gxf5+ exf5
37.Bh2 f4 38.Ne4 Re6 39.Kf3 Rh8 40.Nxg5 Kxg5 41.Bxf4+ Kf5 42.Bxc7 Rxh3+ 43.Kg2 Rxd3
44.Rxd3 Re2+  1/2-1/2

[Event "70th ch-ITA"]
[Site "Siena ITA"]
[Date "2010.12.01"]
[Round "8"]
[White "Godena,M"]
[Black "Rombaldoni,Ax"]
[Result "1-0"]
[WhiteElo "2549"]
[BlackElo "2471"]

1.e4 c5 2.c3 Nf6 3.e5 Nd5 4.Nf3 Nc6 5.d4 cxd4 6.cxd4 d6 7.Bc4 Nb6 8.Bb5 dxe5
9.Nxe5 Bd7 10.Nxd7 Qxd7 11.Nc3 e6 12.O-O Rd8 13.Qg4 h5 14.Qg3 h4 15.Qf3 h3
16.g3 a6 17.Bxc6 Qxc6 18.Qxc6+ bxc6 19.Be3 Nc4 20.b3 Nxe3 21.fxe3 c5 22.d5 Be7
23.dxe6 fxe6 24.Rad1 Rxd1 25.Rxd1 Rf8 26.Ne4 Rf5 27.Nf2 c4 28.bxc4 Ra5 29.Rd2 Bc5
30.Re2 Ra3 31.Nxh3 Bxe3+ 32.Kg2 e5 33.Nf2 Bd4 34.Ne4 Kd7 35.h4 Kc6 36.h5 a5
37.g4 Rd3 38.Re1 Ra3 39.Re2 Rd3 40.g5 Rd1 41.Kh3 Rh1+ 42.Kg4 Kd7 43.Kf5 Rxh5
44.Kg6 Rh4 45.Kxg7 Ke7 46.g6 a4 47.Kg8 a3 48.g7 Rg4 49.c5 Rg1 50.c6 Bb6 51.Rc2  1-0